| 000 | 00453nam a2200157 a 4500 | ||
|---|---|---|---|
| 001 | 000032182 | ||
| 005 | 20200930063511.0 | ||
| 008 | 110713s1924 dr 000 p spa d | ||
| 040 |
_aDO-SdBNP _bspa _cBNPHU |
||
| 082 |
_axxx _bM843d |
||
| 100 | 1 |
_aMoreno Jimenes, Domingo, _d1894-1986 _919534 |
|
| 245 | 1 | 3 |
_aDel anodismo al postumismo / _cMoreno Jimenes. |
| 260 |
_aSanto Domingo : _bColina Sacra, _c1924. |
||
| 300 |
_a[12] p. ; _c16 cm. |
||
| 049 | _aBNPD | ||
| 999 |
_c31673 _d31673 |
||